LEADER 01291nam a2200289 i 4500 001 000000166590 003 CaOOAMICUS 005 20240405161451.0 008 160921s1999 it u000 u ita u 013 $a143959 020 $a88-8166-109-8 040 $aSeMil$bita 100 1 $aTsiropulos, Kostas E.$0(OLS)http://semarc/name/47262 245 10$aMusica :$bappunti personali ispirati dalle sinfonie di Anton Bruckner /$cKostas E. Tsiropulos. 260 $aSotto il Monte (BG) :$bServitium,$c1999. 300 $a97 p. ;$c17 cm. 490 0 $aHellenismòs : collana di testi di letteratura e spiritualità neogreca ;$v17 600 14$aBruckner, Anton <1824-1896>.$0(OLS)http://semarc/subject/31686 650 4$aMusica - Saggi.$0(OLS)http://semarc/subject/31684 830 0$aHellenismòs ;$v17.$0(OLS)http://semarc/title/11668 850 $aSeMil 852 $aSeMil$W1$xVenegono$y1$m3Q I 51$j117753$B117753$CSeMilBibl$Z2$F213797 $81 961 $aOmaggio: Ravasi mons. Gianfranco 996 $6020$a88-8166-109-8$9(OLS)http://semarc/number/153125 996 $6245$aMusica :$bappunti personali ispirati dalle sinfonie di Anton Bruckner$9(OLS)http://semarc/title/238071 996 $6260$aSotto il Monte (BG) :$bServitium$9(OLS)http://semarc/publisher/32220 LEADER 00961nam a2200241 i 4500 001 000000206801 003 CaOOAMICUS 005 20160830000000.0 008 160830s2003 it u000 u fre u 013 $a185574 020 $a2262013004 040 $aSeMil$bita 100 1 $aAntier, Jean-Jacques.$0(OLS)http://semarc/name/27839 245 10$aThérèse d'Avila :$bde la crainte á l'amour /$cJean-Jacques Antier. 260 $aParis :$bPerrin,$c2003. 300 $a437 p., [8] p. di tav. :$bill. ;$c24 cm. 600 04$aTeresa : d'Avila .$0(OLS)http://semarc/subject/1985 850 $aSeMil 852 $aSeMil$W1$xVenegono$y1$m3H V 206$j157264$B157264$CSeMilBibl$Z2$F213703 $81 961 $aOmaggio: Altro 996 $6020$a2262013004$9(OLS)http://semarc/number/200872 996 $6245$aThérèse d'Avila :$bde la crainte á l'amour$9(OLS)http://semarc/title/299047 996 $6260$aParis :$bPerrin$9(OLS)http://semarc/publisher/32499